[Event "DEM U14 2022"]
[Site "Willingen GER"]
[Date "2022.06.08"]
[Round "5"]
[White "Winkler, Yonathan"]
[Black "Hoppstädter, Daniel"]
[Result "1/2-1/2"]
[Termination "normal"]
[Board "8"]
[WhiteElo "1699"]
[BlackElo "1987"]
[WhiteClock "00:18:15"]
[BlackClock "00:12:40"]
[PlyCount "56"]
[WhiteFideId "16266080"]
[BlackFideId "16243625"]
[EventCountry "GER"]
[EventRounds "9"]
[EventType "swiss"]
[EventDate "2022.06.04"]

1. e4 {[%clk 1:30:44]} c6 {[%clk 1:30:51]} 2. d4 {[%clk 1:30:58]} d5 {[%clk
1:31:14]} 3. exd5 {[%clk 1:31:23]} cxd5 {[%clk 1:31:38]} 4. Bd3 {[%clk
1:31:47]} Nc6 {[%clk 1:31:57]} 5. c3 {[%clk 1:32:10]} Nf6 {[%clk 1:32:20]} 6.
Nf3 {[%clk 1:32:29]} Bg4 {[%clk 1:32:38]} 7. O-O {[%clk 1:32:27]} e6 {[%clk
1:32:55]} 8. Bg5 {[%clk 1:32:46]} Be7 {[%clk 1:22:04]} 9. Nbd2 {[%clk 1:32:29]}
O-O {[%clk 1:22:05]} 10. Re1 {[%clk 1:30:48]} Qb8 {[%clk 1:04:08]} 11. Qa4
{[%clk 1:05:55]} Bxf3 {[%clk 0:41:37]} 12. Nxf3 Ne8 {[%clk 0:29:46]} 13. Bxe7
{[%clk 1:01:36]} Nxe7 {[%clk 0:30:14]} 14. Ne5 {[%clk 1:00:47]} Nf6 {[%clk
0:30:31]} 15. Re3 {[%clk 0:58:27]} Ng6 {[%clk 0:28:48]} 16. Rae1 {[%clk
0:57:12]} a6 {[%clk 0:25:46]} 17. Qd1 {[%clk 0:51:24]} b5 {[%clk 0:25:07]} 18.
Bxg6 {[%clk 0:44:57]} hxg6 {[%clk 0:25:15]} 19. Rh3 {[%clk 0:44:38]} Qd6 {[%clk
0:20:58]} 20. Qf3 {[%clk 0:39:48]} Ra7 {[%clk 0:20:42]} 21. Rh4 {[%clk
0:27:56]} g5 {[%clk 0:18:26]} 22. Rh3 {[%clk 0:28:15]} Rc8 {[%clk 0:16:17]} 23.
Qe3 {[%clk 0:25:05]} Nh7 {[%clk 0:14:21]} 24. f4 {[%clk 0:20:26]} gxf4 {[%clk
0:13:02]} 25. Qxf4 {[%clk 0:20:37]} f6 {[%clk 0:13:07]} 26. Ng6 {[%clk
0:18:31]} Qxf4 {[%clk 0:13:19]} 27. Nxf4 {[%clk 0:18:55]} Nf8 {[%clk 0:12:40]}
28. Rhe3 {[%clk 0:18:15]} b4 1/2-1/2

[Event "DEM U14 2022"]
[Site "Willingen GER"]
[Date "2022.06.08"]
[Round "5"]
[White "Udelnov, Valentin"]
[Black "Lübke, Florentin"]
[Result "1-0"]
[Termination "normal"]
[Board "9"]
[WhiteElo "1967"]
[BlackElo "1731"]
[WhiteClock "00:13:50"]
[BlackClock "00:34:36"]
[PlyCount "61"]
[WhiteFideId "16265734"]
[BlackFideId "16281799"]
[EventCountry "GER"]
[EventRounds "9"]
[EventType "swiss"]
[EventDate "2022.06.04"]

1. e4 {[%clk 1:30:55]} c5 {[%clk 1:30:57]} 2. Nf3 {[%clk 1:31:20]} Nc6 {[%clk
1:31:20]} 3. d4 {[%clk 1:31:39]} cxd4 {[%clk 1:31:45]} 4. Nxd4 {[%clk 1:32:04]}
g6 {[%clk 1:32:03]} 5. Nc3 {[%clk 1:32:20]} Bg7 {[%clk 1:32:25]} 6. Be3 {[%clk
1:32:46]} Nf6 {[%clk 1:32:41]} 7. Bc4 {[%clk 1:32:40]} O-O {[%clk 1:32:48]} 8.
Bb3 {[%clk 1:32:58]} Re8 {[%clk 1:32:56]} 9. f3 {[%clk 1:29:46]} e6 {[%clk
1:33:06]} 10. f4 {[%clk 1:27:43]} d6 {[%clk 1:32:45]} 11. Qd3 {[%clk 1:02:40]}
Nxd4 {[%clk 1:15:38]} 12. Bxd4 {[%clk 1:01:40]} e5 {[%clk 1:15:01]} 13. Be3
{[%clk 1:02:00]} exf4 {[%clk 1:13:13]} 14. Bxf4 {[%clk 1:02:11]} Bf5 {[%clk
1:08:46]} 15. O-O {[%clk 0:46:04]} Nxe4 {[%clk 1:03:19]} 16. Nxe4 {[%clk
0:46:26]} Rxe4 {[%clk 1:03:11]} 17. Qd5 {[%clk 0:45:37]} Qb6+ {[%clk 1:01:39]}
18. Kh1 {[%clk 0:45:53]} Rf8 {[%clk 1:01:18]} 19. Bxd6 {[%clk 0:40:13]} Rd4
{[%clk 0:59:41]} 20. Bc5 {[%clk 0:40:32]} Rxd5 {[%clk 1:00:00]} 21. Bxb6 {[%clk
0:41:00]} Rd2 {[%clk 1:00:08]} 22. Be3 {[%clk 0:34:06]} Re2 {[%clk 0:58:09]}
23. Bxa7 {[%clk 0:31:33]} Bxb2 {[%clk 0:46:59]} 24. Rab1 {[%clk 0:30:10]} Be4
{[%clk 0:39:24]} 25. Rf2 {[%clk 0:17:49]} Rxf2 {[%clk 0:38:45]} 26. Bxf2 {[%clk
0:18:14]} Rd8 {[%clk 0:36:52]} 27. Re1 {[%clk 0:15:56]} Rd2 {[%clk 0:36:45]}
28. Kg1 {[%clk 0:16:12]} Bd4 {[%clk 0:35:07]} 29. Bxd4 {[%clk 0:15:05]} Rxg2+
{[%clk 0:34:07]} 30. Kf1 {[%clk 0:15:23]} Bc6 {[%clk 0:34:36]} 31. Bd5 {[%clk
0:13:50]} 1-0

[Event "DEM U14 2022"]
[Site "Willingen GER"]
[Date "2022.06.08"]
[Round "5"]
[White "Kempe, Caius Emilian"]
[Black "Torosyan, Bagrat"]
[Result "1-0"]
[Termination "normal"]
[Board "11"]
[WhiteElo "1973"]
[BlackElo "1734"]
[WhiteClock "00:36:31"]
[BlackClock "00:05:00"]
[PlyCount "69"]
[WhiteFideId "16246861"]
[BlackFideId "16258134"]
[EventCountry "GER"]
[EventRounds "9"]
[EventType "swiss"]
[EventDate "2022.06.04"]

1. d4 {[%clk 1:30:58]} Nf6 {[%clk 1:30:55]} 2. c4 {[%clk 1:31:22]} g6 {[%clk
1:31:21]} 3. Nc3 {[%clk 1:31:47]} Bg7 {[%clk 1:31:47]} 4. e4 {[%clk 1:32:11]}
d6 {[%clk 1:32:15]} 5. f3 {[%clk 1:32:31]} O-O {[%clk 1:32:39]} 6. Be3 {[%clk
1:32:56]} c5 {[%clk 1:33:04]} 7. dxc5 {[%clk 1:32:45]} dxc5 {[%clk 1:33:25]} 8.
Qxd8 {[%clk 1:33:07]} Rxd8 {[%clk 1:33:51]} 9. Bxc5 {[%clk 1:33:24]} Nc6 {[%clk
1:33:38]} 10. Nd5 {[%clk 1:33:14]} Nd7 {[%clk 1:32:03]} 11. Nxe7+ {[%clk
1:33:09]} Nxe7 {[%clk 1:32:26]} 12. Bxe7 {[%clk 1:33:32]} Bxb2 {[%clk 1:32:23]}
13. Rb1 {[%clk 1:26:54]} Re8 {[%clk 1:31:28]} 14. Rxb2 {[%clk 1:26:22]} Rxe7
{[%clk 1:31:50]} 15. Ne2 {[%clk 1:26:33]} Ne5 {[%clk 1:30:17]} 16. Nf4 {[%clk
1:25:32]} Rc7 {[%clk 1:19:04]} 17. Rb5 {[%clk 1:17:59]} Nd7 {[%clk 1:01:39]}
18. Be2 {[%clk 1:08:38]} a6 {[%clk 1:01:50]} 19. Rb4 {[%clk 1:08:24]} b5 {[%clk
0:45:09]} 20. Nd5 {[%clk 1:06:18]} Rc5 {[%clk 0:45:06]} 21. O-O {[%clk
1:06:31]} Ne5 {[%clk 0:41:01]} 22. cxb5 {[%clk 0:56:37]} axb5 {[%clk 0:40:12]}
23. Rxb5 {[%clk 0:55:45]} Rc2 {[%clk 0:30:13]} 24. Bd1 {[%clk 0:55:22]} Rd2
{[%clk 0:29:44]} 25. Nb4 {[%clk 0:50:35]} Nc4 {[%clk 0:13:31]} 26. Bb3 {[%clk
0:50:02]} Be6 {[%clk 0:13:10]} 27. Rf2 {[%clk 0:46:16]} Rd6 {[%clk 0:09:17]}
28. Nd5 {[%clk 0:35:37]} Na5 {[%clk 0:04:22]} 29. Nf6+ {[%clk 0:35:39]} Kg7
{[%clk 0:04:22]} 30. Rxa5 {[%clk 0:34:56]} Bxb3 {[%clk 0:03:36]} 31. Rxa8
{[%clk 0:35:13]} Rd1+ {[%clk 0:03:43]} 32. Rf1 {[%clk 0:35:34]} Rxf1+ {[%clk
0:04:10]} 33. Kxf1 {[%clk 0:35:55]} Bc4+ {[%clk 0:04:36]} 34. Kf2 {[%clk
0:36:12]} Kxf6 {[%clk 0:05:00]} 35. Ke3 {[%clk 0:36:31]} 1-0

[Event "DEM U14 2022"]
[Site "Willingen GER"]
[Date "2022.06.08"]
[Round "5"]
[White "Müller, Maximilian"]
[Black "Wunderlich, Elias"]
[Result "0-1"]
[Termination "normal"]
[Board "14"]
[WhiteElo "1875"]
[BlackElo "1619"]
[WhiteClock "00:52:29"]
[BlackClock "01:10:02"]
[PlyCount "56"]
[WhiteFideId "16243552"]
[BlackFideId "34608087"]
[EventCountry "GER"]
[EventRounds "9"]
[EventType "swiss"]
[EventDate "2022.06.04"]

1. e4 {[%clk 1:30:59]} e6 {[%clk 1:30:55]} 2. d4 {[%clk 1:31:25]} d5 {[%clk
1:31:21]} 3. Nd2 {[%clk 1:31:50]} c5 {[%clk 1:31:38]} 4. exd5 {[%clk 1:32:15]}
Qxd5 {[%clk 1:31:49]} 5. dxc5 {[%clk 1:32:31]} Bxc5 {[%clk 1:32:04]} 6. Ngf3
{[%clk 1:32:35]} Nf6 {[%clk 1:32:13]} 7. Bc4 {[%clk 1:31:40]} Qd6 {[%clk
1:31:16]} 8. O-O {[%clk 1:31:26]} O-O {[%clk 1:31:22]} 9. Qe2 {[%clk 1:30:38]}
Rd8 {[%clk 1:30:42]} 10. Nb3 {[%clk 1:30:41]} Bb6 {[%clk 1:28:05]} 11. Bg5
{[%clk 1:30:20]} Nc6 {[%clk 1:27:28]} 12. Rfe1 {[%clk 1:17:16]} Bd7 {[%clk
1:25:48]} 13. Bxf6 {[%clk 1:06:14]} gxf6 {[%clk 1:26:12]} 14. Qe4 {[%clk
1:06:26]} Qf8 {[%clk 1:21:36]} 15. Qh4 {[%clk 1:04:52]} Qg7 {[%clk 1:20:42]}
16. Rad1 {[%clk 1:03:52]} Ne7 {[%clk 1:19:18]} 17. Rd3 {[%clk 0:57:30]} Ng6
{[%clk 1:18:05]} 18. Qg3 {[%clk 0:57:10]} Rac8 {[%clk 1:17:41]} 19. Nbd2 {[%clk
0:57:07]} Bc7 {[%clk 1:17:20]} 20. Qh3 {[%clk 0:52:39]} Nf4 {[%clk 1:17:27]}
21. Qg3 {[%clk 0:52:29]} Ne2+ {[%clk 1:17:46]} 22. Rxe2 {[%clk 0:52:07]} Bxg3
{[%clk 1:18:10]} 23. hxg3 {[%clk 0:52:33]} Bc6 {[%clk 1:16:51]} 24. Nd4 {[%clk
0:52:38]} Bd5 {[%clk 1:12:21]} 25. Bxd5 {[%clk 0:52:30]} Rxd5 {[%clk 1:12:28]}
26. c4 {[%clk 0:52:55]} Rdd8 {[%clk 1:10:50]} 27. Ree3 {[%clk 0:52:34]} f5
{[%clk 1:09:43]} 28. f4 {[%clk 0:52:29]} Rxd4 {[%clk 1:10:02]} 0-1

[Event "DEM U14 2022"]
[Site "Willingen GER"]
[Date "2022.06.08"]
[Round "5"]
[White "Huber, Benedikt"]
[Black "Linnemann, Caspar"]
[Result "1/2-1/2"]
[Termination "normal"]
[Board "16"]
[WhiteElo "1780"]
[BlackElo "1720"]
[WhiteClock "00:07:01"]
[BlackClock "00:13:27"]
[PlyCount "114"]
[WhiteFideId "16281225"]
[BlackFideId "16200284"]
[EventCountry "GER"]
[EventRounds "9"]
[EventType "swiss"]
[EventDate "2022.06.04"]

1. e4 {[%clk 1:30:54]} c5 {[%clk 1:30:50]} 2. Nf3 {[%clk 1:31:20]} d6 {[%clk
1:31:04]} 3. d4 {[%clk 1:31:46]} cxd4 {[%clk 1:31:24]} 4. Nxd4 {[%clk 1:32:10]}
Nf6 {[%clk 1:31:45]} 5. Nc3 {[%clk 1:32:35]} a6 {[%clk 1:32:06]} 6. Bd3 {[%clk
1:32:31]} e6 {[%clk 1:31:41]} 7. f4 {[%clk 1:32:50]} Qc7 {[%clk 1:30:22]} 8. g4
{[%clk 1:33:09]} h6 {[%clk 1:28:42]} 9. Bd2 {[%clk 1:24:21]} Nc6 {[%clk
1:21:11]} 10. Nxc6 {[%clk 1:24:25]} Qxc6 {[%clk 1:21:15]} 11. Qf3 {[%clk
1:21:42]} Be7 {[%clk 1:11:53]} 12. O-O-O {[%clk 1:18:14]} Nd7 {[%clk 1:04:55]}
13. h4 {[%clk 1:05:26]} Nb6 {[%clk 0:54:56]} 14. Rdf1 {[%clk 0:58:53]} Bd7
{[%clk 0:46:17]} 15. g5 {[%clk 0:52:57]} O-O-O {[%clk 0:39:33]} 16. Qe2 {[%clk
0:46:59]} Rde8 {[%clk 0:34:14]} 17. Be3 {[%clk 0:44:01]} Na4 {[%clk 0:32:37]}
18. Nxa4 {[%clk 0:36:39]} Qxa4 {[%clk 0:32:46]} 19. Kb1 {[%clk 0:37:03]} Bc6
{[%clk 0:28:24]} 20. Bd2 {[%clk 0:34:03]} d5 {[%clk 0:24:15]} 21. e5 {[%clk
0:30:45]} Bb4 {[%clk 0:22:34]} 22. c3 {[%clk 0:22:23]} Be7 {[%clk 0:19:43]} 23.
Rc1 {[%clk 0:20:52]} Kb8 {[%clk 0:17:56]} 24. Rcg1 {[%clk 0:19:01]} d4 {[%clk
0:13:51]} 25. Bc2 {[%clk 0:12:45]} Qb5 {[%clk 0:13:20]} 26. Bd3 {[%clk
0:12:26]} Qa4 {[%clk 0:13:33]} 27. b3 {[%clk 0:11:31]} Qa3 {[%clk 0:13:16]} 28.
Be4 {[%clk 0:11:03]} Bxe4+ {[%clk 0:11:30]} 29. Qxe4 {[%clk 0:11:24]} dxc3
{[%clk 0:10:30]} 30. Bxc3 {[%clk 0:11:22]} g6 {[%clk 0:10:03]} 31. Rd1 {[%clk
0:10:14]} Qc5 {[%clk 0:09:17]} 32. Rd7 {[%clk 0:07:30]} Qb5 {[%clk 0:09:19]}
33. Rhd1 {[%clk 0:07:08]} h5 {[%clk 0:07:55]} 34. Kc2 {[%clk 0:04:52]} Rhf8
{[%clk 0:05:50]} 35. a4 {[%clk 0:04:22]} Qb6 {[%clk 0:05:58]} 36. Ba5 {[%clk
0:02:18]} Qa7 {[%clk 0:02:54]} 37. Kb2 {[%clk 0:01:53]} Bc5 {[%clk 0:01:22]}
38. b4 {[%clk 0:01:36]} Bb6 {[%clk 0:01:31]} 39. Bxb6 {[%clk 0:01:12]} Qxb6
{[%clk 0:01:59]} 40. R1d6 {[%clk 0:01:12]} Qa7 {[%clk 0:00:35]} 41. a5 {[%clk
0:00:34]} Rc8 {[%clk 0:26:40]} 42. Rb6 {[%clk 0:28:51]} Rc7 {[%clk 0:26:52]}
43. Rxc7 {[%clk 0:26:49]} Kxc7 {[%clk 0:27:01]} 44. Qd4 {[%clk 0:27:07]} Re8
{[%clk 0:24:41]} 45. Qc5+ {[%clk 0:23:08]} Kb8 {[%clk 0:22:45]} 46. Qd4 {[%clk
0:17:09]} Kc8 {[%clk 0:21:45]} 47. Rc6+ {[%clk 0:14:43]} Kb8 {[%clk 0:21:21]}
48. Qxa7+ {[%clk 0:13:26]} Kxa7 {[%clk 0:21:37]} 49. Rc7 {[%clk 0:13:53]} Rf8
{[%clk 0:21:46]} 50. Kb3 {[%clk 0:13:51]} Kb8 {[%clk 0:21:29]} 51. Re7 {[%clk
0:13:56]} Ka8 {[%clk 0:20:04]} 52. Rd7 {[%clk 0:13:43]} Kb8 {[%clk 0:18:49]}
53. Kc4 {[%clk 0:13:39]} Rc8+ {[%clk 0:15:52]} 54. Kd4 {[%clk 0:14:03]} Rc7
{[%clk 0:14:40]} 55. Rxc7 {[%clk 0:07:50]} Kxc7 {[%clk 0:14:52]} 56. Kc5 {[%clk
0:07:57]} Kd7 {[%clk 0:13:44]} 57. b5 {[%clk 0:07:01]} Kc7 {[%clk 0:13:27]}
1/2-1/2

[Event "DEM U14 2022"]
[Site "Willingen GER"]
[Date "2022.06.08"]
[Round "6"]
[White "Ermitsch, Magnus"]
[Black "Haubold, Christian Lucas"]
[Result "1-0"]
[Termination "normal"]
[Board "1"]
[WhiteElo "2227"]
[BlackElo "1944"]
[WhiteClock "00:39:18"]
[BlackClock "00:01:16"]
[PlyCount "75"]
[WhiteFideId "16234464"]
[BlackFideId "16259629"]
[EventCountry "GER"]
[EventRounds "9"]
[EventType "swiss"]
[EventDate "2022.06.04"]

1. e4 {[%clk 1:30:57]} e5 {[%clk 1:30:34]} 2. Nf3 {[%clk 1:31:21]} Nc6 {[%clk
1:30:55]} 3. Bb5 {[%clk 1:31:48]} a6 {[%clk 1:31:18]} 4. Ba4 {[%clk 1:32:16]}
d6 {[%clk 1:31:33]} 5. O-O {[%clk 1:32:41]} Bd7 {[%clk 1:31:45]} 6. c3 {[%clk
1:33:07]} g6 {[%clk 1:29:31]} 7. d4 {[%clk 1:33:31]} Nf6 {[%clk 1:28:21]} 8. h3
{[%clk 1:33:38]} Bg7 {[%clk 1:28:23]} 9. Re1 {[%clk 1:34:03]} O-O {[%clk
1:28:26]} 10. Bc2 {[%clk 1:34:28]} b5 {[%clk 1:24:11]} 11. Nbd2 {[%clk
1:33:02]} Re8 {[%clk 1:21:59]} 12. Nf1 {[%clk 1:32:52]} Na5 {[%clk 1:19:16]}
13. b3 {[%clk 1:32:53]} c5 {[%clk 1:19:20]} 14. d5 {[%clk 1:33:05]} Qc7 {[%clk
1:18:51]} 15. Be3 {[%clk 1:30:58]} Nb7 {[%clk 1:17:43]} 16. Qd2 {[%clk
1:27:36]} a5 {[%clk 1:07:12]} 17. a3 {[%clk 1:23:50]} Rec8 {[%clk 1:04:18]} 18.
Rec1 {[%clk 1:23:07]} Nd8 {[%clk 1:00:06]} 19. Ng3 {[%clk 1:17:21]} Ne8 {[%clk
0:49:49]} 20. Kh2 {[%clk 1:09:04]} Qb7 {[%clk 0:45:20]} 21. Rab1 {[%clk
0:57:50]} b4 {[%clk 0:40:55]} 22. cxb4 {[%clk 0:54:18]} cxb4 {[%clk 0:39:05]}
23. axb4 {[%clk 0:52:38]} axb4 {[%clk 0:38:50]} 24. Ne1 {[%clk 0:51:35]} f6
{[%clk 0:25:46]} 25. Bd3 {[%clk 0:49:47]} Nc7 {[%clk 0:21:33]} 26. Nc2 {[%clk
0:49:25]} Rcb8 {[%clk 0:21:05]} 27. Nxb4 {[%clk 0:48:58]} Nb5 {[%clk 0:12:23]}
28. Nc2 {[%clk 0:47:15]} Ra2 {[%clk 0:09:34]} 29. Qb4 {[%clk 0:46:01]} Bf8
{[%clk 0:07:46]} 30. Ra1 {[%clk 0:44:37]} Rba8 {[%clk 0:06:48]} 31. Rxa2 {[%clk
0:41:44]} Rxa2 {[%clk 0:07:10]} 32. Ne1 {[%clk 0:41:36]} h5 {[%clk 0:05:20]}
33. Nf3 {[%clk 0:41:08]} Be7 {[%clk 0:05:19]} 34. h4 {[%clk 0:39:53]} Kf7
{[%clk 0:04:32]} 35. Nd2 {[%clk 0:39:30]} Ke8 {[%clk 0:03:00]} 36. Nc4 {[%clk
0:39:32]} Ra6 {[%clk 0:03:04]} 37. Na5 {[%clk 0:39:18]} Qa8 {[%clk 0:01:16]}
38. Nc6 1-0

[Event "DEM U14 2022"]
[Site "Willingen GER"]
[Date "2022.06.08"]
[Round "6"]
[White "Deuer, Marius"]
[Black "Hagner, Bennet"]
[Result "1/2-1/2"]
[Termination "normal"]
[Board "2"]
[WhiteTitle "FM"]
[WhiteElo "2351"]
[BlackElo "2186"]
[WhiteClock "00:04:25"]
[BlackClock "00:28:38"]
[PlyCount "82"]
[WhiteFideId "16236432"]
[BlackFideId "16224477"]
[EventCountry "GER"]
[EventRounds "9"]
[EventType "swiss"]
[EventDate "2022.06.04"]

1. c4 {[%clk 1:30:52]} Nf6 {[%clk 1:30:47]} 2. d4 {[%clk 1:31:13]} e6 {[%clk
1:31:13]} 3. Nc3 {[%clk 1:31:38]} Bb4 {[%clk 1:31:36]} 4. e3 {[%clk 1:32:03]}
O-O {[%clk 1:31:54]} 5. Bd3 {[%clk 1:32:29]} d5 {[%clk 1:32:12]} 6. cxd5 {[%clk
1:32:54]} exd5 {[%clk 1:32:37]} 7. a3 {[%clk 1:33:19]} Bd6 {[%clk 1:32:53]} 8.
Qc2 {[%clk 1:33:44]} Na6 {[%clk 1:33:06]} 9. b4 {[%clk 1:23:49]} c6 {[%clk
1:33:06]} 10. Nge2 {[%clk 1:23:28]} Nc7 {[%clk 1:33:18]} 11. f3 {[%clk
1:20:57]} a5 {[%clk 1:31:17]} 12. Rb1 {[%clk 1:10:33]} Qe7 {[%clk 1:24:57]} 13.
Qb3 {[%clk 0:55:42]} axb4 {[%clk 1:14:20]} 14. axb4 {[%clk 0:56:02]} Na6 {[%clk
1:14:20]} 15. Na2 {[%clk 0:53:05]} b6 {[%clk 0:56:36]} 16. b5 {[%clk 0:50:26]}
cxb5 {[%clk 0:56:47]} 17. Bxb5 {[%clk 0:49:18]} Nc7 {[%clk 0:51:04]} 18. Bd3
{[%clk 0:48:15]} b5 {[%clk 0:50:15]} 19. O-O {[%clk 0:47:13]} Bd7 {[%clk
0:45:44]} 20. Ng3 Bxg3 {[%clk 0:36:23]} 21. hxg3 {[%clk 0:35:36]} Nh5 {[%clk
0:36:50]} 22. Bd2 {[%clk 0:21:06]} Nxg3 {[%clk 0:35:31]} 23. Rfc1 {[%clk
0:21:35]} Rfc8 {[%clk 0:30:17]} 24. Nb4 {[%clk 0:20:39]} Qg5 {[%clk 0:25:12]}
25. Qd1 {[%clk 0:16:17]} Qh4 {[%clk 0:23:14]} 26. Rc5 {[%clk 0:15:29]} Be6
{[%clk 0:20:29]} 27. Rbc1 {[%clk 0:15:29]} Ne8 {[%clk 0:18:42]} 28. Rxc8 {[%clk
0:13:35]} Rxc8 {[%clk 0:19:10]} 29. Rxc8 {[%clk 0:13:42]} Bxc8 {[%clk 0:19:39]}
30. Qc1 {[%clk 0:13:51]} Bb7 {[%clk 0:08:20]} 31. Bxb5 {[%clk 0:12:45]} Nd6
{[%clk 0:08:47]} 32. Bd3 {[%clk 0:08:52]} Qh1+ {[%clk 0:09:10]} 33. Kf2 {[%clk
0:09:18]} Qh4 {[%clk 0:09:34]} 34. Kg1 {[%clk 0:07:50]} g6 {[%clk 0:07:17]} 35.
Qc7 {[%clk 0:05:58]} Qh1+ {[%clk 0:07:31]} 36. Kf2 {[%clk 0:06:27]} Qh2 {[%clk
0:07:37]} 37. Qd8+ {[%clk 0:05:17]} Kg7 {[%clk 0:08:02]} 38. Qe7 {[%clk
0:05:22]} Nh1+ {[%clk 0:05:19]} 39. Kf1 {[%clk 0:05:01]} Ng3+ {[%clk 0:04:47]}
40. Kf2 {[%clk 0:05:28]} Nh1+ {[%clk 0:01:47]} 41. Kf1 {[%clk 0:04:25]} Ng3+
{[%clk 0:28:38]} 1/2-1/2

[Event "DEM U14 2022"]
[Site "Willingen GER"]
[Date "2022.06.08"]
[Round "6"]
[White "Klaska, Philipp Leon"]
[Black "Payyappat, Sreyas"]
[Result "1/2-1/2"]
[Termination "normal"]
[Board "3"]
[BlackTitle "FM"]
[WhiteElo "1946"]
[BlackElo "2173"]
[WhiteClock "00:05:55"]
[BlackClock "00:24:09"]
[PlyCount "117"]
[WhiteFideId "16238044"]
[BlackFideId "46674969"]
[EventCountry "GER"]
[EventRounds "9"]
[EventType "swiss"]
[EventDate "2022.06.04"]

1. e4 {[%clk 1:30:50]} c6 {[%clk 1:30:54]} 2. d4 {[%clk 1:31:12]} d5 {[%clk
1:31:17]} 3. Nc3 {[%clk 1:31:15]} dxe4 {[%clk 1:31:43]} 4. Nxe4 {[%clk
1:31:41]} Nf6 {[%clk 1:31:57]} 5. Nxf6+ {[%clk 1:31:50]} exf6 {[%clk 1:32:24]}
6. c3 {[%clk 1:32:12]} Bd6 {[%clk 1:32:47]} 7. Bd3 {[%clk 1:32:34]} O-O {[%clk
1:33:13]} 8. Ne2 {[%clk 1:32:58]} Re8 {[%clk 1:33:39]} 9. O-O {[%clk 1:31:01]}
Nd7 {[%clk 1:32:02]} 10. Ng3 {[%clk 1:26:24]} Nf8 {[%clk 1:30:14]} 11. Re1
{[%clk 1:21:07]} Rxe1+ {[%clk 1:21:43]} 12. Qxe1 {[%clk 1:21:24]} Be6 {[%clk
1:21:47]} 13. Be3 {[%clk 1:10:45]} Qc7 {[%clk 1:19:59]} 14. Kh1 {[%clk
1:07:43]} Re8 {[%clk 1:16:14]} 15. Qd2 {[%clk 0:57:54]} b5 {[%clk 1:02:15]} 16.
a4 {[%clk 0:51:01]} Bxg3 {[%clk 0:59:21]} 17. hxg3 {[%clk 0:50:39]} a6 {[%clk
0:58:39]} 18. Qc2 {[%clk 0:46:54]} Qb7 {[%clk 0:54:14]} 19. axb5 {[%clk
0:45:32]} axb5 {[%clk 0:52:42]} 20. b3 {[%clk 0:44:35]} Ra8 {[%clk 0:49:34]}
21. Rxa8 {[%clk 0:43:09]} Qxa8 {[%clk 0:49:59]} 22. c4 {[%clk 0:43:12]} b4
{[%clk 0:46:05]} 23. Qd2 {[%clk 0:38:34]} Qa3 {[%clk 0:42:46]} 24. Bc2 {[%clk
0:38:19]} Ng6 {[%clk 0:38:47]} 25. d5 {[%clk 0:31:38]} cxd5 {[%clk 0:37:52]}
26. cxd5 {[%clk 0:32:01]} Bd7 {[%clk 0:37:56]} 27. Bc5 {[%clk 0:26:16]} Qa1+
{[%clk 0:37:09]} 28. Kh2 {[%clk 0:21:16]} Ne5 {[%clk 0:34:32]} 29. f3 {[%clk
0:19:59]} Qf1 {[%clk 0:26:37]} 30. Bd1 {[%clk 0:16:37]} h5 {[%clk 0:23:42]} 31.
Bxb4 {[%clk 0:14:35]} Bb5 {[%clk 0:20:27]} 32. Bc3 {[%clk 0:12:41]} Nd3 {[%clk
0:17:15]} 33. Qe2 {[%clk 0:09:43]} Qxe2 {[%clk 0:16:43]} 34. Bxe2 {[%clk
0:10:06]} Kf8 {[%clk 0:17:08]} 35. f4 {[%clk 0:09:26]} f5 {[%clk 0:12:34]} 36.
Bxh5 {[%clk 0:08:49]} g6 {[%clk 0:12:12]} 37. Bf3 {[%clk 0:07:43]} Ke7 {[%clk
0:10:43]} 38. Be5 {[%clk 0:04:55]} f6 {[%clk 0:09:37]} 39. Bc7 {[%clk 0:04:15]}
Kd7 {[%clk 0:08:12]} 40. d6 {[%clk 0:03:25]} Nc5 {[%clk 0:07:00]} 41. Bd5
{[%clk 0:01:49]} Ne6 {[%clk 0:05:37]} 42. Kg1 {[%clk 0:30:17]} Nxc7 {[%clk
0:35:24]} 43. dxc7 {[%clk 0:29:14]} Kxc7 {[%clk 0:35:47]} 44. Kf2 {[%clk
0:25:34]} Kd6 {[%clk 0:35:51]} 45. Bf3 {[%clk 0:24:34]} Kc5 {[%clk 0:35:35]}
46. Ke3 {[%clk 0:22:44]} Bf1 {[%clk 0:35:28]} 47. Kd2 {[%clk 0:20:27]} Kd4
{[%clk 0:34:36]} 48. Bc6 {[%clk 0:18:15]} Kc5 {[%clk 0:32:03]} 49. Be8 {[%clk
0:12:33]} g5 {[%clk 0:31:09]} 50. Bg6 {[%clk 0:10:39]} gxf4 {[%clk 0:30:48]}
51. gxf4 {[%clk 0:10:13]} Bxg2 {[%clk 0:30:33]} 52. Bxf5 {[%clk 0:10:13]} Kd4
{[%clk 0:30:49]} 53. Bd7 {[%clk 0:08:26]} Bd5 {[%clk 0:26:34]} 54. b4 {[%clk
0:08:11]} Ke4 {[%clk 0:23:16]} 55. f5 {[%clk 0:07:31]} Kd4 {[%clk 0:23:12]} 56.
Ke2 {[%clk 0:06:39]} Be4 {[%clk 0:23:29]} 57. Be6 {[%clk 0:05:41]} Bxf5 {[%clk
0:23:45]} 58. Bxf5 {[%clk 0:05:46]} Kc4 {[%clk 0:24:09]} 59. b5 {[%clk
0:05:55]} 1/2-1/2